Lịch sử chủ nghĩa Mác T.1 : Sự hình thành và cơ sở của chủ nghĩa Mác [Sách tham khảo] T.1

Gardado en:
Detalles Bibliográficos
Formato: Libro
Publicado: Chính trị quốc gia 2003
Các nhãn: Engadir etiqueta
Sen Etiquetas, Sexa o primeiro en etiquetar este rexistro!
Thư viện lưu trữ: Mạng thư viện Đại học Đà Nẵng
LEADER 00793nam a2200217 a 4500
001 000029490
003 15867
005 20171030145630.0
008 171030s2003
020 |c 140000 
040 |a LTT 
082 0 |a 335.4  |b Li-S 
245 0 0 |a Lịch sử chủ nghĩa Mác T.1 : Sự hình thành và cơ sở của chủ nghĩa Mác [Sách tham khảo]  |c Lê Cự Lộc, Trần Khang, Vũ Hoàng Địch, Trịnh Nhu, Phùng Trung Thạch, Trần Ngọc Thuận, Ngô Văn Tuyển, Quách Hải Lượng dịch ; Lê Cự Lộc, Trần Khang hiệu đính.  |n T.1 
260 |b Chính trị quốc gia  |c 2003 
OWN |a LTT 
999 |a From the UDN01 
TYP |a Monograph 
TYP |a Printed language 
980 |a Mạng thư viện Đại học Đà Nẵng